| 000 | 01292nam a2200325 a 4500 | ||
|---|---|---|---|
| 001 | ebr10159574 | ||
| 003 | CaPaEBR | ||
| 006 | m u | ||
| 007 | cr cn||||||||| | ||
| 008 | 080903s2003 mnub s 000 0 eng d | ||
| 020 | _z9780816644360 | ||
| 020 | _z9780816696482 | ||
| 020 | _z0816644365 (pbk.) | ||
| 040 |
_aCaPaEBR _cCaPaEBR |
||
| 035 | _a(OCoLC)567983662 | ||
| 043 | _an-us-mn | ||
| 050 | 1 | 4 |
_aF612.N8 _bP47 2003eb |
| 100 | 1 | _aPerich, Shawn. | |
| 245 | 1 | 4 |
_aThe North shore _h[electronic resource] : _ba four-season guide to Minnesota's favorite destination / _cShawn Perich ; illustrations by David Minix. |
| 250 | _aFirst university of Minnesota Press ed. | ||
| 260 |
_aMinneapolis, Minn. ; _aLondon : _bUniversity of Minnesota Press, _c2003. |
||
| 300 |
_a193 p. : _bmaps. |
||
| 533 |
_aElectronic reproduction. _bPalo Alto, Calif. : _cebrary, _d2009. _nAvailable via World Wide Web. _nAccess may be limited to ebrary affiliated libraries. |
||
| 651 | 0 |
_aSuperior, Lake, Region _vGuidebooks. |
|
| 651 | 0 |
_aMinnesota _vGuidebooks. |
|
| 655 | 7 |
_aElectronic books. _2local |
|
| 700 | 1 | _aMinix, David. | |
| 710 | 2 | _aebrary, Inc. | |
| 856 | 4 | 0 |
_uhttp://site.ebrary.com/lib/rucke/Doc?id=10159574 _zAn electronic book accessible through the World Wide Web; click to view |
| 999 |
_c244282 _d244282 |
||